[Event "Leiden SB-ch"]
[Site "Leiden"]
[Date "2008.06.10"]
[Round "4"]
[White "Van Os, Albert"]
[Black "Schenkelaars, Vincent"]
[Result "1-0"]
[WhiteElo "1842"]
[BlackElo "1835"]
[PlyCount "57"]
[EventDate "2008.05.20"]
[EventType "swiss"]
[EventRounds "7"]
[EventCountry "NED"]
[SourceTitle "EXT 2012"]
[Source "ChessBase"]
[SourceDate "2011.11.24"]
[SourceVersion "1"]
[SourceVersionDate "2011.11.24"]
[SourceQuality "1"]

1. e4 d6 2. d4 Nf6 3. Nc3 g6 4. Be2 Bg7 5. h4 c5 6. Nf3 Bg4 7. Be3 Qa5 8. 0-0 0-0 9. d5 b5 10. Nd2 Bxe2 11. Qxe2 a6 12. Nd1 Nbd7 13. f4 h5 14. Nf2 e6 15. dxe6 fxe6 16. c3 Qd8 17. Nf3 Qe7 18. Ng5 Bh6 19. Rad1 Rad8 20. Qd3 Bxg5 21. hxg5 Ne8 22. e5 d5 23. Qxg6+ Ng7 24. g4 h4 25. Kg2 Rf7 26. Rh1 Nf8 27. Qc2 d4 28. Bc1 Qb7+ 29. Qe4 1-0

[Event "Leiden SB-ch"]
[Site "Leiden"]
[Date "2007.05.22"]
[Round "2"]
[White "Oosterom, Erik"]
[Black "Van Os, Albert"]
[Result "1-0"]
[WhiteElo "2062"]
[BlackElo "1880"]
[PlyCount "58"]
[EventDate "2007.05.15"]
[EventType "swiss"]
[EventRounds "7"]
[EventCountry "NED"]
[SourceTitle "EXT 2012"]
[Source "ChessBase"]
[SourceDate "2011.11.24"]
[SourceVersion "1"]
[SourceVersionDate "2011.11.24"]
[SourceQuality "1"]

1. d4 f5 2. g3 Nf6 3. Bg2 g6 4. Nf3 Bg7 5. c4 0-0 6. 0-0 d6 7. Nc3 Qe8 8. Nd5 Na6 9. Nxf6+ Bxf6 10. Bh6 Bg7 11. Qd2 c6 12. Rfe1 Qf7 13. Bxg7 Qxg7 14. e4 Nc7 15. d5 cxd5 16. exd5 Bd7 17. Qd4 Rf6 18. Rac1 b6 19. b4 Re8 20. c5 Nb5 21. Qd3 dxc5 22. bxc5 bxc5 23. Rxc5 a6 24. Ne5 Bc8 25. Rec1 Rff8 26. Nc6 e5 27. dxe6 Bxe6 28. a4 Nc7 29. Ne5 Rd8 1-0